[Event "Lozovatsky Memorial-A 2020"]
[Site "Chelyabinsk"]
[Date "2020.01.22"]
[Round "8.1"]
[White "Badelka, Olga"]
[Black "Salemgareev, Tagir"]
[Result "0-1"]
[WhiteElo "2392"]
[BlackElo "2458"]
[Annotator "RC"]
[PlyCount "98"]
[EventDate "2020.01.15"]
[EventType "tourn"]
[EventCountry "RUS"]
[SourceTitle "playchess.com"]
[Source "ChessBase"]
[SourceQuality "1"]
[TimeControl "5400+30"]

1. Nf3 {[%emt 0:00:00]} d5 {[%emt 0:00:00]} 2. d4 {[%emt 0:02:25]} Bf5 {[%emt 0:07:24]} 3. c4 {[%emt 0:01:16]} e6 {[%emt 0:00:05]} 4. Nc3 {[%emt 0:00:39]} Nf6 {[%emt 0:00:16]} 5. Bg5 {[%emt 0:04:37]} c6 {[%emt 0:19:49]} 6. Qb3 {[%emt 0:11:30]} Qb6 {[%emt 0:00:34]} 7. Bxf6 {[%emt 0:03:17]} gxf6 {[%emt 0:01:34]} 8. Qxb6 {[%emt 0:03:38]} axb6 {[%emt 0:00:06]} 9. cxd5 {[%emt 0:00:12]} exd5 {[%emt 0:12:10]} 10. e3 {[%emt 0:00:26]} Bb4 {[%emt 0:07:00]} 11. Kd2 {[%emt 0:01:03]} Nd7 {[%emt 0:00:19]} 12. Nh4 {[%emt 0:03:40]} Bg6 {[%emt 0:00:46]} 13. Bd3 {[%emt 0:01:13]} b5 {[%emt 0:00:31]} 14. a3 {[%emt 0:07:45]} Bxc3+ {[%emt 0:00:55]} 15. Kxc3 {[%emt 0:00:06]} Nb6 {[%emt 0:00:07]} 16. Nxg6 {[%emt 0:09:39]} fxg6 {[%emt 0:11:13]} 17. g4 {[%emt 0:01:13]} Kf7 {[%emt 0:00:44]} 18. h4 {[%emt 0:01:49]} h5 {[%emt 0:02:36]} 19. g5 {[%emt 0:13:02]} fxg5 {[%emt 0:11:10]} 20. hxg5 {[%emt 0:00:04]} Nc4 {[%emt 0:00:39]} 21. Rh4 {[%emt 0:06:59]} Kg7 {[%emt 0:06:36]} 22. e4 {[%emt 0:07:40]} Rhf8 {[%emt 0:00:44]} 23. exd5 {[%emt 0:00:41]} cxd5 {[%emt 0:00:12]} 24. f4 {[%emt 0:00:53]} Rfc8 {[%emt 0:04:09]} 25. Kb4 {[%emt 0:03:54]} Ra4+ {[%emt 0:02:22]} 26. Kxb5 {[%emt 0:00:16]} Nxb2 {[%emt 0:01:12]} 27. f5 {[%emt 0:07:36]} Ra6 {[%emt 0:06:34]} 28. f6+ {[%emt 0:00:17]} Kf7 {[%emt 0:00:05]} 29. Bf1 {[%emt 0:00:46]} Na4 {[%emt 0:01:22]} 30. Kb4 {[%emt 0:03:31]} Rb6+ {[%emt 0:00:28]} 31. Bb5 {[%emt 0:00:04]} Nc3 {[%emt 0:00:18]} 32. a4 {[%emt 0:00:11]} Nxb5 {[%emt 0:00:53]} 33. axb5 {[%emt 0:00:06]} Rc4+ {[%emt 0:00:02]} 34. Ka5 {[%emt 0:00:32]} Re6 {[%emt 0:00:05]} 35. Rf4 {[%emt 0:04:55]} Rc2 {[%emt 0:02:39]} 36. Kb4 {[%emt 0:00:33]} Rc4+ {[%emt 0:00:27]} 37. Ka5 {[%emt 0:00:24]} Rc2 {[%emt 0:01:31]} 38. Kb4 {[%emt 0:00:03]} Rc4+ {[%emt 0:00:21]} 39. Ka5 {[%emt 0:00:01]} Rc7 {[%emt 0:00:44]} 40. Kb4 {[%emt 0:00:52]} b6 {[%emt 0:00:35]} 41. Rf3 {[%emt 0:01:28]} Re4 {[%emt 0:00:28]} 42. Rd3 {[%emt 0:00:04]} Rg4 {[%emt 0:00:20]} 43. Ra6 {[%emt 0:00:33]} Rb7 {[%emt 0:00:28]} 44. Rc3 {[%emt 0:01:28]} Rxg5 {[%emt 0:00:19]} 45. Rc6 {[%emt 0:00:27]} h4 {[%emt 0:00:14]} 46. Raxb6 {[%emt 0:00:20]} Rxb6 {[%emt 0:00:12]} 47. Rxb6 {[%emt 0:00:01]} h3 {[%emt 0:00:06]} 48. Rb7+ {[%emt 0:00:44]} Kxf6 {[%emt 0:00:06]} 49. Rh7 {[%emt 0:00:04]} Rh5 {[%emt 0:00:07]} 0-1

[Event "Lozovatsky Memorial-A 2020"]
[Site "Chelyabinsk"]
[Date "2020.01.22"]
[Round "8.2"]
[White "Radzhabov, Rodion"]
[Black "Gutenev, Alexander"]
[Result "0-1"]
[WhiteElo "2381"]
[BlackElo "2457"]
[Annotator "TA"]
[PlyCount "70"]
[EventDate "2020.01.15"]
[EventType "tourn"]
[EventCountry "RUS"]
[SourceTitle "playchess.com"]
[Source "ChessBase"]
[SourceQuality "1"]

{[%evp 12,76,16,-24,46,-10,6,6,22,14,13,-40,0,-20,-17,-16,-23,-12,-9,-22,-23,-24,0,-3,0,-21,-21,-19,-12,-13,-13,-13,-13,-92,-70,-100,-77,-90,-102,-100,-96,-93,-94,-100,-103,-132,-118,-135,-114,-238,-245,-602,-599,-513,-72,-862,-862,-925,-918,-919,-765,-1413,-1387,-2437,-2300,-6122,-6828]} 1. e4 c5 2. Nf3 e6 3. b3 b6 4. Bb2 Bb7 5. Nc3 a6 6. d4 cxd4 7. Nxd4 d6 {B40: Sicilian: 2...e6, Unusual lines} (7... Qc7 $11) (7... Qc7 8. Qd2 Nf6 9. f3 Nc6 10. Nxc6 dxc6 11. O-O-O Be7 12. Bd3 b5 13. e5 Nd7 14. Ne4 Nxe5 15. Qc3 {1-0 (35) So,W (2780)-Vallejo Pons,F (2707) Leon 2018}) 8. Bd3 (8. Bc4 $14) 8... Nd7 {[%cal Bb8d7,Bd7c5,Bc5d3][%mdl 32]} 9. O-O Ngf6 {The position is equal.} 10. Qe2 Be7 11. f4 (11. Bc4 $11) 11... Nc5 12. Rad1 O-O 13. b4 $146 ({Predecessor:} 13. Kh1 Qc7 14. b4 Nxd3 15. cxd3 {0-1 (40) Bhend,E (2325)-Gheorghiu,F (2475) Biel 1996}) 13... Nxd3 14. cxd3 Rc8 15. a3 Re8 16. h3 g6 17. Qd2 Bf8 18. Nce2 Bh6 19. Nf3 e5 20. g4 {And now g5 would win.} Bg7 21. fxe5 dxe5 22. Rc1 (22. Nxe5 $11 {remains equal.} Nxe4 23. dxe4 Qxd2 24. Rxd2 Bxe5 25. Bxe5 Rxe5 26. Rf6) 22... Qd6 23. Qe3 h5 24. g5 Nh7 25. Nd2 Red8 26. Rf3 Qe7 27. h4 Qe6 28. Nc4 b5 29. Na5 Rxc1+ 30. Qxc1 (30. Nxc1 $17 {keeps fighting.} Bc8 31. Qf2) 30... Qg4+ $19 {[%mdl 64] [#] Double Attack} 31. Kf2 $2 (31. Rg3 Qxe2 32. Nxb7 Rxd3 33. Rxd3 Qxd3 34. Qe1) 31... Qxh4+ 32. Rg3 Bc8 $2 (32... Rc8 $19 {has better winning chances.} 33. Bc3 f5 34. gxf6 Nxf6 35. Nxb7 Ng4+ 36. Ke1 Bh6) 33. Qc7 $2 {[%mdl 8192]} (33. Nc6 $17) 33... Re8 {Black is clearly winning.} 34. Nc6 Bg4 35. Ne7+ Kh8 {Played: Kg8-f8} 0-1

[Event "Lozovatsky Memorial-A 2020"]
[Site "Chelyabinsk"]
[Date "2020.01.22"]
[Round "8.3"]
[White "Bezgodov, Alexei"]
[Black "Remizov, Yaroslav"]
[Result "0-1"]
[WhiteElo "2456"]
[BlackElo "2382"]
[Annotator "TA"]
[PlyCount "32"]
[EventDate "2020.01.15"]
[EventType "tourn"]
[EventCountry "RUS"]
[SourceTitle "playchess.com"]
[Source "ChessBase"]
[SourceQuality "1"]

{[%evp 9,63,28,30,14,19,-34,0,-20,-23,-23,0,-27,0,-53,-44,-54,-56,-93,-85,-116,-92,-99,-87,-113,-73,-152,-149,-137,-142,-160,-147,-266,-288,-270,-274,-288,-277,-277,-272,-270,-220,-691,-708,-697,-693,-694,-694,-720,-441,-469,-487,-1279,-1226,-1851,-1762,-29989]} 1. e4 c5 2. Nf3 d6 3. d4 cxd4 4. Nxd4 Nf6 5. Nc3 a6 6. h4 {B90: Sicilian Najdorf: Unusual White 6th moves, 6 Be3 Ng4 and 6 Be3 e5} e5 7. Nf3 $146 (7. Nb3 $11) ({Predecessor:} 7. Nb3 Be7 8. Bg5 Be6 9. Bxf6 Bxf6 10. g3 Be7 11. Qd2 Nd7 12. O-O-O Nf6 13. f4 b5 {0-1 (28) Esipenko,A (2620)-Matlakov,M (2697) Sochi 2019}) 7... h6 8. Bc4 {The position is equal.} Be7 9. Be3 Be6 10. Qd3 Nc6 {[%cal Bb8c6,Bc6a5,Ba5c4][%mdl 32]} 11. Bb3 ({White should try} 11. Nd5 $11) 11... Rc8 12. Rd1 O-O 13. Kf1 Na5 $36 {[%mdl 2048] Black is in control.} 14. Kg1 Nc4 15. Bc1 b5 {[%cal Bb7b5,Bb5b4][%mdl 32]} 16. Nh2 Qc7 {Played: Qd8-b6} 0-1

[Event "Lozovatsky Memorial-A 2020"]
[Site "Chelyabinsk"]
[Date "2020.01.22"]
[Round "8.4"]
[White "Harutjunyan, Gevorg"]
[Black "Kostenko, Petr"]
[Result "1/2-1/2"]
[WhiteElo "2444"]
[BlackElo "2433"]
[Annotator "TA"]
[PlyCount "36"]
[EventDate "2020.01.15"]
[EventType "tourn"]
[EventCountry "RUS"]
[SourceTitle "playchess.com"]
[Source "ChessBase"]
[SourceQuality "1"]

{[%evp 14,36,32,30,34,0,0,4,8,23,14,0,0,0,0,-8,33,0,0,0,0,0,0,-14,-5]} 1. e4 e6 2. d4 d5 3. Nc3 Nf6 4. Bg5 dxe4 5. Nxe4 Be7 6. Bxf6 gxf6 7. Nf3 f5 8. Nc3 a6 {C13: French: Classical System: 4 Bg5 Be7, Alekhine-Chatard Attack} 9. Qe2 b5 {[%cal Bb7b5,Bb5b4][%mdl 32]} 10. O-O-O b4 11. Na4 Qd5 12. c4 Qa5 13. Qe5 $36 {[%mdl 2048] Black is under pressure.} Qxe5 14. Nxe5 {[#]} Bf6 $146 ({Predecessor:} 14... Bd7 15. Nxd7 Nxd7 16. g3 {½-½ (61) Aronian,L (2784)-Vidit,S (2651) Berlin 2015}) 15. f4 Bxe5 {The position is equal.} 16. fxe5 Nd7 17. Be2 Bb7 18. Bf3 O-O-O {Accuracy: White = 52%, Black = 87%.} 1/2-1/2

[Event "Lozovatsky Memorial-A 2020"]
[Site "Chelyabinsk"]
[Date "2020.01.22"]
[Round "8.6"]
[White "Drygalov, Andrey"]
[Black "Korneev, Oleg"]
[Result "1-0"]
[WhiteElo "2492"]
[BlackElo "2513"]
[Annotator "ChessBase"]
[PlyCount "121"]
[EventDate "2020.01.15"]
[EventType "tourn"]
[EventCountry "RUS"]
[SourceTitle "playchess.com"]
[Source "ChessBase"]
[SourceQuality "1"]
[TimeControl "5400+30"]

1. e4 {[%emt 0:00:07]} e5 {[%emt 0:06:42]} 2. Nf3 {[%emt 0:00:04]} Nc6 {[%emt 0:00:04]} 3. Bc4 {[%emt 0:00:03]} Bc5 {[%emt 0:00:05]} 4. c3 {[%emt 0:00:05]} Nf6 {[%emt 0:00:10]} 5. d3 {[%emt 0:00:02]} a6 {[%emt 0:00:16]} 6. O-O {[%emt 0:00:09]} Ba7 {[%emt 0:00:03]} 7. a4 {[%emt 0:00:15]} d6 {[%emt 0:00:38]} 8. Nbd2 {[%emt 0:00:13]} O-O {[%emt 0:00:12]} 9. h3 {[%emt 0:00:06]} Kh8 {[%emt 0:01:04]} 10. b4 {[%emt 0:00:06]} Be6 {[%emt 0:11:42]} 11. Bxe6 {[%emt 0:01:10]} fxe6 {[%emt 0:01:01]} 12. Re1 {[%emt 0:00:54]} Ne7 {[%emt 0:13:13]} 13. Nf1 {[%emt 0:01:31]} Ng6 {[%emt 0:00:49]} 14. Ng3 {[%emt 0:01:37]} d5 {[%emt 0:17:58]} 15. c4 {[%emt 0:09:13]} dxc4 {[%emt 0:10:59]} 16. dxc4 {[%emt 0:00:17]} Qe7 {[%emt 0:00:10]} 17. Qb3 {[%emt 0:10:23]} Rad8 {[%emt 0:11:35]} 18. a5 {[%emt 0:24:52]} Bd4 {[%emt 0:05:15]} 19. Rb1 {[%emt 0:05:40]} h6 {[%emt 0:04:46]} 20. c5 {[%emt 0:05:14]} c6 {[%emt 0:01:39]} 21. Bb2 {[%emt 0:05:11]} Nh7 {[%emt 0:03:15]} 22. Bxd4 {[%emt 0:18:04]} exd4 {[%emt 0:00:04]} 23. Rbd1 {[%emt 0:00:18]} e5 {[%emt 0:01:57]} 24. Nf5 {[%emt 0:00:04]} Qf6 {[%emt 0:00:47]} 25. Nh2 {[%emt 0:02:28]} Rde8 {[%emt 0:05:14]} 26. Qg3 {[%emt 0:02:41]} h5 {[%emt 0:02:37]} 27. Nf3 {[%emt 0:05:15]} Nf4 {[%emt 0:00:01]} 28. h4 {[%emt 0:00:27]} g6 {[%emt 0:00:52]} 29. Nd6 {[%emt 0:00:05]} Re7 {[%emt 0:00:11]} 30. Nc4 {[%emt 0:03:54]} Rg8 {[%emt 0:00:06]} 31. Ng5 {[%emt 0:00:11]} Nxg5 {[%emt 0:01:10]} 32. Qxg5 {[%emt 0:00:03]} Qxg5 {[%emt 0:00:52]} 33. hxg5 {[%emt 0:00:08]} Kg7 {[%emt 0:00:23]} 34. Nd2 {[%emt 0:04:59]} Nd3 {[%emt 0:00:28]} 35. Re2 {[%emt 0:00:03]} Nf4 {[%emt 0:00:36]} 36. Ree1 {[%emt 0:00:05]} Nd3 {[%emt 0:00:33]} 37. Re2 {[%emt 0:00:05]} Nf4 {[%emt 0:00:30]} 38. Ree1 {[%emt 0:00:05]} Rf8 {[%emt 0:00:28]} 39. Nc4 {[%emt 0:00:55]} h4 {[%emt 0:00:12]} 40. Kh2 {[%emt 0:02:22]} Ne6 {[%emt 0:00:47]} 41. Nxe5 {[%emt 0:00:22]} Rxf2 {[%emt 0:00:34]} 42. Nf3 {[%emt 0:00:19]} Nf4 {[%emt 0:00:27]} 43. Nxh4 {[%emt 0:00:17]} Ne6 {[%emt 0:00:33]} 44. Nf3 {[%emt 0:00:13]} Rd7 {[%emt 0:00:29]} 45. Kg3 {[%emt 0:00:54]} Rb2 {[%emt 0:00:05]} 46. Rb1 {[%emt 0:00:11]} Ra2 {[%emt 0:00:19]} 47. Rb3 {[%emt 0:00:51]} d3 {[%emt 0:00:34]} 48. Rd1 {[%emt 0:00:34]} d2 {[%emt 0:00:48]} 49. Kf2 {[%emt 0:00:10]} Nf4 {[%emt 0:00:41]} 50. Rxd2 {[%emt 0:00:55]} Rdxd2+ {[%emt 0:00:15]} 51. Nxd2 {[%emt 0:00:03]} Rxd2+ {[%emt 0:00:44]} 52. Ke3 {[%emt 0:00:04]} Rxg2 {[%emt 0:00:13]} 53. Kxf4 {[%emt 0:00:03]} Kf8 {[%emt 0:00:53]} 54. Rd3 {[%emt 0:00:25]} Rb2 {[%emt 0:00:21]} 55. Ke5 {[%emt 0:01:38]} Ke7 {[%emt 0:00:21]} 56. Rd6 {[%emt 0:00:07]} Rxb4 {[%emt 0:00:06]} 57. Rxg6 {[%emt 0:00:04]} Rc4 {[%emt 0:00:24]} 58. Rg7+ {[%emt 0:00:12]} Kd8 {[%emt 0:01:18]} 59. Rxb7 {[%emt 0:00:06]} Kc8 {[%emt 0:00:09]} 60. Rf7 {[%emt 0:00:14]} Rxc5+ 61. Kf6 {[%emt 0:00:10]} 1-0

[Event "Lozovatsky Memorial-A 2020"]
[Site "Chelyabinsk"]
[Date "2020.01.23"]
[Round "9.1"]
[White "Salemgareev, Tagir"]
[Black "Drygalov, Andrey"]
[Result "0-1"]
[WhiteElo "2458"]
[BlackElo "2492"]
[Annotator "TA"]
[PlyCount "109"]
[EventDate "2020.01.15"]
[EventType "tourn"]
[EventCountry "RUS"]
[SourceTitle "playchess.com"]
[Source "ChessBase"]
[SourceQuality "1"]

{[%evp 18,109,22,31,22,33,26,31,55,15,13,10,13,3,7,3,20,-4,-2,0,0,-77,-68,-54,-27,-106,-110,-418,-402,-809,-397,-775,-404,-385,-408,-382,-384,-373,-233,-286,-291,-270,-281,-310,-310,-310,-310,-310,-310,-310,-310,-310,-310,-304,-298,-352,-345,-361,-361,-377,-377,-364,-364,-364,-363,-413,-408,-462,-469,-535,-535,-527,-515,-695,-697,-693,-649,-613,-604,-973,-949,-1168,-1186,-1437,-1365,-1385,-1379,-1322,-1242,-29981,-29982,-29974,-1301,-29984]} 1. d4 Nf6 2. c4 e6 3. Nf3 d5 4. Nc3 c6 5. e3 Nbd7 6. Qc2 Bd6 7. b3 O-O 8. Bb2 b6 9. Bd3 Bb7 10. O-O c5 {D45: Semi-Slav: 5 e3} 11. cxd5 exd5 12. Bf5 Qe7 {White is slightly better.} 13. Rad1 Rad8 14. Rfe1 {aiming for e4.} Rfe8 15. g3 {[#]} a6 $146 ({Predecessor:} 15... g6 16. Bh3 a6 17. a4 cxd4 18. Nxd4 {0-1 (40) Hillarp Persson,T (2586)-Grachev,B (2655) Budva 2009}) 16. Bh3 b5 17. Bg2 Rc8 18. dxc5 Bxc5 19. Qb1 (19. Rc1 $11) 19... Bb4 $36 {[%mdl 2048] Black fights for an advantage.} 20. Qa1 Ne4 $1 21. Rc1 (21. Nxe4 $1 $11 {remains equal.} Bxe1 22. Nf6+ Nxf6 23. Rxe1) 21... Ndc5 22. Red1 $2 {[%mdl 8192] [#]} (22. Bh3 $17) 22... Nxf2 $1 $19 {[%mdl 576] Discovered Attack} 23. Kxf2 (23. Nxd5 $142 Bxd5 24. Rxd5) 23... Qxe3+ 24. Kf1 Nd3 {[%csl Gd3][%cal Re3f2]} 25. Rc2 Nxb2 26. Qxb2 Bxc3 ({Don't do} 26... Rxc3 27. Rxc3 Bxc3 28. Qf2 $19) 27. Qc1 Qxc1 28. Rdxc1 b4 29. Ng1 a5 30. Ne2 {[%cal Re2c3]} Ba6 {And now ...d4 would win.} 31. Bxd5 Bd3 32. Bc4 Bxc2 ({Not} 32... Bxc4 33. bxc4 Rxc4 34. Nxc3 $17) 33. Rxc2 Be5 34. Nc1 Red8 35. Nd3 Bc3 {Threatens to win with ...Rxc4!} 36. Ke2 Rd6 37. a4 g6 38. Nf4 Rcd8 39. Kf3 Rd2 40. Rxd2 Rxd2 {[%mdl 4096] Endgame KRB-KBN} ({Don't play} 40... Bxd2 41. Nd5 $19) 41. h4 Kg7 42. Nd3 f5 43. Nf4 Bd4 {[%csl Gd4][%cal Rd2f2]} 44. Ne2 Kf6 45. g4 fxg4+ 46. Kxg4 h5+ 47. Kf3 Be5 48. Ke4 Rd1 49. Kf3 Rh1 50. Kg2 Rh2+ 51. Kf3 Rxh4 52. Nc1 Rh3+ 53. Kf2 Rc3 54. Nd3 {[#]} g5 (54... Rxc4 $142 $1 55. bxc4 b3 56. c5 b2 57. Nxb2 Bxb2 58. Kf3 g5 59. c6 Be5 60. Ke4 h4 61. Kd5 h3 62. c7 Bxc7 63. Kc6 h2 64. Kxc7 Ke6 65. Kb6 h1=Q 66. Kc7 Qd5 67. Kc8 Qd7+ 68. Kb8 Kd5 69. Ka8 Kc6 70. Kb8 Qb7#) 55. Nc5 {Accuracy: White = 42%, Black = 77%.} 0-1

[Event "Lozovatsky Memorial-A 2020"]
[Site "Chelyabinsk"]
[Date "2020.01.23"]
[Round "9.2"]
[White "Kostenko, Petr"]
[Black "Badelka, Olga"]
[Result "1/2-1/2"]
[WhiteElo "2433"]
[BlackElo "2392"]
[Annotator "TA"]
[PlyCount "73"]
[EventDate "2020.01.15"]
[EventType "tourn"]
[EventCountry "RUS"]
[SourceTitle "playchess.com"]
[Source "ChessBase"]
[SourceQuality "1"]

{[%evp 19,73,2,2,2,6,0,0,3,37,22,29,25,46,50,43,43,45,48,50,39,29,25,54,52,52,45,43,37,46,23,25,30,30,10,27,0,0,0,0,0,0,0,0,0,0,0,0,0,0,0,0,0,0,0,0,0]} 1. c4 c5 2. Nf3 Nc6 3. b3 Nf6 4. Bb2 e6 5. e3 Be7 6. Nc3 O-O 7. Be2 d5 8. cxd5 Nxd5 9. O-O b6 10. Nxd5 Qxd5 11. d4 {A13: English Opening: 1...e6} cxd4 (11... Bb7 12. dxc5 Qxc5 13. Rc1 Qd6 14. Qxd6 Bxd6 15. Rfd1 Rfd8 16. Nd2 Nb4 17. a3 Nd5 18. Nc4 Be7 {1-0 (55) Nakamura,H (2777)-So,W (2780) chess.com INT 2018}) 12. Nxd4 Nxd4 13. Bxd4 {[#] And now Bf3 would win.} Rb8 $146 ({Predecessor:} 13... Bb7 14. Bf3 Qd7 15. Bxb7 Qxb7 16. Qg4 g6 17. h4 Rfd8 18. Rac1 Rac8 19. h5 Qd5 20. hxg6 hxg6 21. Qf4 Qf5 22. Qh2 Bf6 23. Bxf6 {½-½ (23) Wlodarczyk,O (2279)-Hein,C (2228) Germany 2012}) 14. Bc4 Qd6 15. f4 Bf6 16. Bxf6 Qxd1 17. Rfxd1 gxf6 18. Kf2 f5 19. h3 Bb7 20. Rd7 Rfd8 21. Rad1 Rxd7 22. Rxd7 $14 {[%mdl 4096] Endgame KRB-KRB} a5 23. g4 Bc6 24. Rc7 Be4 25. g5 Rb7 26. Rc8+ Kg7 27. a4 Rd7 {The position is equal.} 28. Ke2 h6 29. h4 hxg5 30. hxg5 Kg6 31. Bb5 Rd6 32. Rc7 {Black should prevent Be8.} Rd8 33. Re7 Kg7 34. Bc4 {[#] Threatens to win with Bxe6.} Kg6 35. Bb5 Kg7 36. Bc4 {Black must now prevent Bxe6.} Kg6 37. Bb5 {Accuracy: White = 82%, Black = 72%.} 1/2-1/2

[Event "Lozovatsky Memorial-A 2020"]
[Site "Chelyabinsk"]
[Date "2020.01.23"]
[Round "9.3"]
[White "Remizov, Yaroslav"]
[Black "Harutjunyan, Gevorg"]
[Result "0-1"]
[WhiteElo "2382"]
[BlackElo "2444"]
[Annotator "TA"]
[PlyCount "67"]
[EventDate "2020.01.15"]
[EventType "tourn"]
[EventCountry "RUS"]
[SourceTitle "playchess.com"]
[Source "ChessBase"]
[SourceQuality "1"]

{[%evp 11,67,19,25,6,35,39,29,30,33,29,53,41,37,38,44,41,58,24,40,35,40,44,51,49,56,40,47,13,15,0,12,-28,-28,-26,0,-24,-28,-64,-27,-205,-187,-196,-171,-352,-336,-402,-391,-402,-372,-400,-398,-456,-446,-390,-389,-486,-466,-531]} 1. e4 c6 2. d4 d5 3. exd5 cxd5 4. Bd3 Nf6 5. c3 Bg4 6. Ne2 Nc6 7. Qb3 {B13: Caro-Kann: Exchange Variation and Panov-Botvinnik Attack} (7. h3 {looks sharper.} Bh5 8. Qb3 Qc7 9. O-O e6 10. Nf4) (7. O-O e6 8. Qb3 Qd7 9. Nf4 Bd6 10. h3 Bh5 11. Nxh5 Nxh5 12. Re1 O-O 13. Qd1 Nf4 14. Bc2 Rae8 15. h4 {1-0 (38) Caruana,F (2828)-Thavandiran,S (2410) chess.com INT 2019}) 7... Qc8 (7... e5 {is more complex.} 8. dxe5 Nxe5 9. Bb5+ Bd7 10. O-O a6) 8. O-O $146 ({Predecessor:} 8. Ng3 e6 9. Bg5 Nh5 10. f3 Qc7 11. fxg4 Nxg3 12. hxg3 Qxg3+ 13. Kd2 Qxg2+ 14. Be2 Be7 15. Bxe7 Nxe7 {1-0 (49) Dauth,B (2271)-Schaeffner,C (2160) Berlin 2006}) 8... Bxe2 9. Bxe2 {White has an edge.} e6 10. Bf4 Be7 11. Nd2 O-O 12. Bd3 Nh5 13. Be3 Bd6 14. Rae1 Qc7 15. Qd1 g6 16. g3 a6 17. Nf3 Rfe8 18. Bc1 b5 {[%cal Bb7b5,Bb5b4][%mdl 32]} 19. Ng5 Nf6 20. Qf3 Kg7 21. Qg2 b4 22. Qh3 e5 (22... bxc3 {seems wilder.} 23. bxc3 h5 24. f4 Qd7 25. Qg2 Ne7) 23. f4 (23. Qh6+ {feels hotter.} Kg8 24. f4 Bf8 25. Qh3 exd4 26. Rxe8 Rxe8 27. f5) 23... exf4 {Hoping for ...Rxe1.} 24. Rxe8 Rxe8 25. Bxf4 $2 (25. gxf4 $11 {and White stays safe.} h6 26. f5 hxg5 27. Bxg5) 25... Bxf4 $19 26. Rxf4 Re1+ {[%cal Be8e1,Be1a1,Ba1a2,Ba2b2][%mdl 32]} 27. Kf2 $2 (27. Bf1) 27... Qe7 {[#] ( -> ...Qe3+)} 28. g4 {intending Rxf6!} Ra1 29. Qe3 Rxa2 30. Qxe7 Nxe7 31. cxb4 h6 32. Nh3 Rxb2+ 33. Kg3 Rxb4 34. Nf2 {Accuracy: White = 41%, Black = 67%.} 0-1

[Event "Lozovatsky Memorial-A 2020"]
[Site "Chelyabinsk"]
[Date "2020.01.23"]
[Round "9.4"]
[White "Gutenev, Alexander"]
[Black "Bezgodov, Alexei"]
[Result "1/2-1/2"]
[WhiteElo "2457"]
[BlackElo "2456"]
[Annotator "TA"]
[PlyCount "45"]
[EventDate "2020.01.15"]
[EventType "tourn"]
[EventCountry "RUS"]
[SourceTitle "playchess.com"]
[Source "ChessBase"]
[SourceQuality "1"]

{[%evp 28,30,22,16,22]} 1. e4 e5 2. Nf3 Nf6 3. Nxe5 d6 4. Nf3 Nxe4 5. Qe2 Qe7 6. d3 Nf6 7. Bg5 Qxe2+ 8. Bxe2 Be7 9. Nc3 c6 10. O-O-O Na6 {[%cal Bb8a6,Ba6c7,Bc7e6][%mdl 32]} 11. Rhe1 Nc7 12. Ne4 Nxe4 13. dxe4 Bxg5+ 14. Nxg5 Ke7 15. f4 Ne6 {[#] C42: Petroff Defence: 3 Nxe5 and unusual White 3rd moves} {Predecessor:} 16. Nxe6 $146 Bxe6 17. f5 Bd7 18. c4 Rad8 19. Rd3 c5 20. Bf3 f6 21. Kc2 Rhe8 22. Bh5 Rh8 23. Kc3 {½-½ (40) Novikov,M (2510)-Qashashvili,A (2495) Rilsk 2017} 1/2-1/2

[Event "Lozovatsky Memorial-A 2020"]
[Site "Chelyabinsk"]
[Date "2020.01.23"]
[Round "9.6"]
[White "Korneev, Oleg"]
[Black "Radzhabov, Rodion"]
[Result "1-0"]
[WhiteElo "2513"]
[BlackElo "2381"]
[Annotator "TA"]
[PlyCount "90"]
[EventDate "2020.01.15"]
[EventType "tourn"]
[EventCountry "RUS"]
[SourceTitle "playchess.com"]
[Source "ChessBase"]
[SourceQuality "1"]

{[%evp 9,90,26,28,22,61,36,44,39,64,65,73,70,61,41,44,33,70,68,68,78,93,93,117,113,120,127,137,137,138,124,131,122,125,92,102,92,95,89,137,145,136,143,191,198,196,190,189,179,179,191,190,187,231,219,224,227,244,244,254,261,245,249,288,296,295,288,306,306,454,448,392,381,352,305,508,509,871,871,831,831,946,801,658]} 1. d4 Nf6 2. Nf3 e6 3. Bf4 c5 4. e3 b6 5. Nc3 (5. Be2 Be7 6. h3 O-O 7. O-O Bb7 8. Nbd2 d6 9. Bh2 Nbd7 10. a4 a6 11. c3 cxd4 12. exd4 Nd5 13. Qb3 {½-½ (102) Laznicka,V (2647)-Kryvoruchko,Y (2689) Riadh 2017}) 5... a6 6. d5 {A47: 1 d4 Nf6 2 Nf3 b6: Torre, London and Colle Systems} d6 7. dxe6 fxe6 8. e4 {White is slightly better.} Be7 9. e5 dxe5 10. Qxd8+ Bxd8 11. Bxe5 Nc6 12. Bg3 $36 {[%mdl 2048] White fights for an advantage.} Ra7 $146 ({Predecessor:} 12... O-O) 13. O-O-O Bc7 14. Bd3 Nb4 15. Rhe1 Bxg3 16. hxg3 Nxd3+ 17. Rxd3 O-O 18. Ne5 Rc7 19. a4 Nd5 20. f3 ({Don't take} 20. Nxd5 $6 exd5 21. Rxd5 Rxf2 $14) 20... Bb7 21. Nc4 Nxc3 22. Rxc3 b5 23. Nb6 b4 24. Rce3 Bd5 25. Re5 Rd8 26. Rd1 Kf7 27. Nxd5 exd5 28. Rdxd5 ({Resist} 28. Rexd5 $6 Rxd5 29. Rxd5 Ke6 $16) 28... Rxd5 29. Rxd5 $18 {[%mdl 4096] Endgame KR-KR} Ke6 {[#]} 30. Rd8 $1 g5 31. Kd2 c4 32. Rb8 c3+ 33. bxc3 Rd7+ 34. Ke3 bxc3 35. Rc8 Rd2 36. Rxc3 Rxg2 {[#]} 37. g4 $1 Kd5 38. Rc7 h6 (38... Rh2 $142 39. a5 Kd6) 39. c4+ Ke5 40. Rc5+ Kd6 41. Ra5 Rc2 $2 (41... Rh2 {was necessary.} 42. Kd4 Rd2+ 43. Kc3 Ra2) 42. Rxa6+ {White is clearly winning.} Ke5 (42... Kd7 $142 43. Kd4 Rh2) 43. Rxh6 Rxc4 44. Rg6 Rc3+ 45. Kf2 Kd5 {Accuracy: White = 93%, Black = 48%.} 1-0